00302nam a2200121Ia 4500008004100000082001500041100001900056245003300075250000800108260004000116300000800156650001600164191201s2004 xx 000 0 und d a621.3bSMD aSMITH, Ralph J 0aCircuits Devices and Systems a5th aN.DelhibJohn Willey and Sonsc2004 a868 aB.Tech(ECE)